| 000 | 00455cam a2200169ua 4500 | ||
|---|---|---|---|
| 020 | _c40 sh | ||
| 041 |
_aeng _h |
||
| 082 |
_a823.308 _bSTO/UN |
||
| 100 | _aStowe, Harriet Beechen . | ||
| 245 |
_aUncle Tom`s cabin on life ameny the cowly / _cHarriet beechen stowe. _hTextual Documents |
||
| 260 |
_aLondon : _bHarward University Press , _c1962. |
||
| 300 | _a461 ; . | ||
| 365 | _a40 sh | ||
| 504 | _a | ||
| 942 | _cBK | ||
| 999 |
_c12535 _d12535 |
||